000 00623nam a2200217Ii 4500
003 JO-AjNU
008 230605s9999||||xx |||||||||||||| ||und||
017 _a1974/3888
040 _aJO-AjNU
_bara
_erda
_cJO-AjNU
041 _aara
050 1 4 _aPJ7507.D34 1954
100 3 _aضيف، شوقي,
_eauthor
_935409
245 0 0 _aالنقد
250 _aط3
264 3 1 _aالقاهرة: دار المعارف، 1954
300 _a110ص
336 _atext
_btxt
_2rdacontent
337 _aunmediated
_bn
_2rdamedia
338 _avolume
_bnc
_2rdacarrier
650 4 _aالادب العربي - تاريخ ونقد
_935410
999 _aA14617
_c18185
_d18185